00277 a2200109 4500001000700000020001800007040003200025100002700057245006100084260001300145362000900158125361 a9780439625210 cEscola Canadense de Niteroi aZeman, Kate Kelly Anne10aEverything You Need to Know About World History Homework aNew York0 a2005